| 000 | 00000nam##2200000za#4500 |
| 001 | 9.612244 |
| 003 | CaOODSP |
| 005 | 20211126112846 |
| 007 | ta |
| 008 | 150406|1995||||xxc||||| f|0| 0 eng|d |
| 020 | |a0-662-23484-7 |
| 022 | |a1192-5434 |
| 040 | |aCaOODSP|beng |
| 043 | |an-cn--- |
| 086 | 1 |aFB3-2/95-3E |
| 110 | 2 |aBank of Canada. |
| 245 | 10|aEmpirical evidence on the cost of adjustment and dynamic labour demand / |cby Robert A. Amano. |
| 260 | |aOttawa - Ontario : |bBank of Canada |c1995. |
| 300 | |a29p. : |bgraphs, references, tables ; |c28 cm. |
| 490 | 1 |aWorking paper|x1192-5434|v95-3 |
| 500 | |a"The author uses a linear-quadratic model and attempts to estimate the relative adjustment costs of labour demand as well as its rate of adjustment towards long-run equilibrium. In contrast to others who have examined the dynamic behaviour of labour demand, the author estimates the structural parameters using the Euler equation and employs a limited-information approach that does not require an explicit solution for the model's control variables in terms of the forcing processes."--Abstract. |
| 520 | 3 |aThe author uses a linear-quadratic model and attempts to estimate the relative adjustment costs of labour demand as well as its rate of adjustment towards long-run equilibrium. In contrast to others who have examined the dynamic behaviour of labour demand, the author estimates the structural parameters using the Euler equation and employs a limited-information approach that does not require an explicit solution for the model's control variables in terms of the forcing processes.--Abstract |
| 546 | |aRésumés en français |
| 563 | |aSoftcover |
| 590 | |a95-21|b1995-05-26 |
| 690 | 07|aLabour market|2gcpds |
| 720 | 1 |aAmano, Robert A. |
| 776 | 0#|tEmpirical evidence on the cost of adjustment and dynamic labour demand / |w(CaOODSP)9.571634 |
| 830 | #0|aWorking paper,|x1192-5434|v95-3|w(CaOODSP)9.514622 |